| 000 | 01009nas a2200325 4500 | ||
|---|---|---|---|
| 001 | BR2011002406 | ||
| 003 | BR-BrBNA | ||
| 005 | 20231205115258.0 | ||
| 007 | ta | ||
| 008 | 230509b bl.|||p| |||| 00| 00por d | ||
| 040 |
_aBR-BrBNA _bpor _cBiblioteca Nacional de Agricultura |
||
| 041 | _a(Pt) | ||
| 072 | _aF01; F61 | ||
| 100 | 1 | _aMartins, J.R. | |
| 100 | 1 | _aAlvarenga, A.A. | |
| 100 | 1 | _aCastro, E.M. | |
| 100 | 1 | _aPinto, J.E.B.P. | |
| 100 | 1 | _aSilva, A.P.O. | |
| 245 | 1 | _aAvaliação do crescimento e do teor de óleo essencial em plantas de Ocimum gratissimum L. Cultivadas sob malhas coloridas | |
| 650 | _aALFAVACA | ||
| 650 | _aPLANTA MEDICINAL | ||
| 650 | _aÓLEO ESSENCIAL | ||
| 650 | _aCRESCIMENTO | ||
| 650 | _aLUZ | ||
| 650 | _aANÁLISE FOLIAR | ||
| 650 | _aVALOR NUTRITIVO | ||
| 773 | 0 |
_tRevista Brasileira de Plantas Medicinais (Brazil) _xISSN 1516-0572 _g(Nov 2008), v. 10(4) p. 102-107 _wBR2011002406 |
|
| 909 |
_a202311 _bLúcia _c55 _dLúcia Elande |
||
| 942 |
_2AGRIS _n0 _cANA |
||
| 999 |
_c212980 _d212980 |
||